Garančný fond ako ochrana pred platobnou neschopnosťou zamestnávateľa
Novela Zákonníka práce vymedzuje pojem platobnej neschopnosti zamestnávateľa. Zriadenie garančného fondu ako ochrany pred platobnou neschopnosťou zamestnávateľa. Príjmy garančného fondu tvoria príspevky od zamestnávateľov a účelové dotácie zo štátneho rozpočtu. Garančný fond spravuje Národný úrad pr...
Uložené v:
| Hlavný autor: | |
|---|---|
| Médium: | Kapitola |
| Jazyk: | Slovak |
| Predmet: | |
| Tagy: |
Žiadne tagy, Buďte prvý, kto otaguje tento záznam!
|
MARC
| LEADER | 00000naa a2200000 4500 | ||
|---|---|---|---|
| 001 | r039260 | ||
| 005 | 20230919090749.2 | ||
| 041 | 0 | |a slo | |
| 044 | |a SK | ||
| 245 | 1 | 0 | |a Garančný fond ako ochrana pred platobnou neschopnosťou zamestnávateľa |c Eva Kováčiková |
| 520 | |a Novela Zákonníka práce vymedzuje pojem platobnej neschopnosti zamestnávateľa. Zriadenie garančného fondu ako ochrany pred platobnou neschopnosťou zamestnávateľa. Príjmy garančného fondu tvoria príspevky od zamestnávateľov a účelové dotácie zo štátneho rozpočtu. Garančný fond spravuje Národný úrad práce. Aké sú povinnosti zamestnávateľov. Peňažné náhrady poskytované z garančného fondu. | ||
| 610 | 2 | 0 | |a fond garančný |
| 610 | 2 | 0 | |a zamestnávatelia |
| 610 | 2 | 0 | |a insolventnosť |
| 610 | 2 | 0 | |a povinnosti zamestnávateľov |
| 610 | 2 | 0 | |a náhrada mzdy |
| 610 | 2 | 0 | |a zamestnanci |
| 100 | 1 | |a Kováčiková, Eva | |